000 01107nam a22003617a 4500
001 BR9301022
003 BR-BrBNA
005 20230928094511.0
007 ta
008 230509b bl.||||| |||| 00| 0 por d
040 _aBR-BrBNA
_bpor
_cBiblioteca Nacional de Agricultura
041 _a(Por)
072 _aF04
_b1410
_b3866
090 _ 1410 BR9301022
100 1 _aGarcia, L.
110 1 _aEscola Superior de Agricultura de Lavras, MG (Brasil)
_0Tese (Mestre em Fitotecnia)
245 1 _aEfeito dos niveis de saturacao em bases e micronutrientes sobre a produtividade do feijoeiro (Phaseolus vulgaris L.)
260 3 _aLavras, MG (Brasil):
_c1990.
300 _a83 p.
500 _a26 illus.; 17 tables; Bibliography p. 65-77 (68 ref.); Summaries (Eng, Por)
650 _aFeijao
650 _aMicroelemento
650 _aProdutividade
650 _aFertilidade do Solo
650 _aLatossolo Vermelho
650 _aLatossolo Amarelo
650 _aBoro
650 _aCobalto
650 _aMolibdenio
650 _aZinco
909 _a202309
_bLucia
_c55
_dLucia Elande
942 _cBK
999 _c51046
_d51046